| 000 | 00501nam a2200181 i 4500 | ||
|---|---|---|---|
| 001 | 139907 | ||
| 003 | ES-MaACL | ||
| 005 | 20250801034202.0 | ||
| 007 | t| | ||
| 008 | 070214s1962 sp |||| | spa d | ||
| 100 | 1 |
_aSchmaus, Michael. _9104445 |
|
| 245 | 1 | 0 |
_aPermanencia y progreso en el cristianismo / _cMichael Schmaus. |
| 260 |
_aMadrid : _bTaurus, _c1962. |
||
| 300 |
_a41 p. ; _c17 cm. |
||
| 650 | 0 | 7 |
_aCristianismo _2embne _911425 |
| 852 |
_aES-MaACL _j2024-F-17 |
||
| 999 |
_c139907 _d139907 |
||